Представление документа в формате RUSMARC

ПолеНазваниеЗначение
  Тип записи a
  Библиографический уровень m
001 Контрольный номер RU/SLIB/B/208741148
005 Дата корректировки 20201206204056.0
010 Индекс ISBN __
d Цена 0-30
101 Язык документа __
a Язык текста rus
200 Заглавие и сведения об ответственности __
a Заглавие Борьба с шумом на автомобильных дорогах
f Первые сведения об ответственности Поспелов П. И.
b Общее обозначение материала Текст
210 Выходные данные __
a Место издания М.
c Издательство Транспорт
d Дата издания 1981
215 Физическое описание __
a Объем 88 с.
606 Тематические рубрики __
a Основная рубрика Сервис. Бытовое обслуживание
606 Тематические рубрики __
a Основная рубрика Сервис в целом. Сервисология
606 Тематические рубрики __
a Основная рубрика Благоустройство населенных мест
610 Ключевые слова __
a Ключевые слова шумы; автомобильные дороги; борьба с шумом
686 Индексы других классификаций __
a Классификационный индекс 38.93
700 Автор __
a Фамилия Поспелов
b Имя П. И.
4 Код отношения 070
801 Источник записи _0
a Страна RU
b Организация Муниципальное бюджетное учреждение культуры "Централизованная библиотечная система" г. Сургут (Центральная городская библиотека им. А. С. Пушкина)
g Правила каталогизации КиК/Елгина
801 Источник записи _1
a Страна RU
b Организация Муниципальное бюджетное учреждение культуры "Централизованная библиотечная система" г. Сургут (Центральная городская библиотека им. А. С. Пушкина)
g Правила каталогизации КиК/Елгина
852 Данные о местонахождении __
j Шифр хранения 38.93
c Каталожный индекс 38.93
i Авторский знак П 62
p Инвентарный номер 10262
901 Тип документа __
t Тип документа m
990 Данные о заказе (DOS) __
j Количество экземпляров (DOS) 1